[Event "TCh-CRO Women"]
[Site "Sibenik CRO"]
[Date "2010.09.08"]
[Round "5"]
[White "Samanic,Verena"]
[Black "Repkova,E"]
[Result "0-1"]
[WhiteElo "1576"]
[BlackElo "2447"]
[EventDate "2010.09.04"]

1. e4 d5 2. exd5 Qxd5 3. Nc3 Qa5 4. d3 Nf6 5. Bd2 Nc6 6. g3 Bg4 7. f3 Bh5
8. Bg2 e5 9. g4 Bg6 10. Nge2 Qc5 11. g5 Nh5 12. Ne4 Qb6 13. Bc3 O-O-O 14.
Qd2 Bxe4 15. fxe4 Bc5 16. Rf1 Be3 17. Qd1 Bxg5 18. Rf5 Bh4+ 19. Kf1 Nf4 20.
Be1 Bxe1 21. Qxe1 Nxe2 22. Qxe2 Nd4 23. Qd1 Nxf5 24. exf5 g6 25. Be4 Kb8
26. Ke2 gxf5 27. Bxf5 Rhg8 28. Be4 f5 29. Bf3 e4 30. Bh1 f4 31. Qf1 Qe3+
32. Kd1 Rg1 0-1

[Event "TCh-CRO Women"]
[Site "Sibenik CRO"]
[Date "2010.09.08"]
[Round "5"]
[White "Jelica,M"]
[Black "Berke,A"]
[Result "1/2-1/2"]
[WhiteElo "2211"]
[BlackElo "2168"]
[EventDate "2010.09.04"]

1. e4 e5 2. Nf3 Nc6 3. Bb5 a6 4. Bxc6 dxc6 5. O-O f6 6. d3 Bg4 7. Be3 Qd7
8. h3 Be6 9. d4 exd4 10. Nxd4 O-O-O 11. Nd2 Bf7 12. Qe2 Bd6 13. Rfd1 Ne7
14. Nc4 c5 15. Nxd6+ cxd6 16. Nf3 Qb5 17. Qxb5 axb5 18. Bf4 Kc7 19. Ne1 Kc6
20. a4 bxa4 21. Rxa4 d5 22. e5 Rhe8 23. exf6 gxf6 24. Nd3 Ng6 25. Bh6 Ne5
26. Rf4 Nd7 27. Bg7 Re6 28. Re1 Rxe1+ 29. Nxe1 Re8 30. Nf3 Re2 31. Bxf6
Rxc2 32. g4 Bg6 33. h4 Nxf6 34. Rxf6+ Kb5 35. h5 Be4 36. b3 Rb2 37. Ng5 Bb1
38. Rf7 h6 39. Ne6 Rxb3 40. Rxb7+ Kc4 41. Rxb3 Kxb3 42. Nxc5+ Kc4 43. Nd7
Kd3 44. Kg2 Ke4 45. Kg3 d4 46. f4 d3 47. Nf6+ Ke3 48. g5 d2 49. Ng4+ Kd4
50. Nf2 hxg5 51. fxg5 Ke5 52. h6 Bg6 53. Kg4 Ke6 54. Kf4 Bh7 55. Nd1 Bg6
56. Ne3 Bh7 57. Nd1 1/2-1/2

[Event "TCh-CRO Women"]
[Site "Sibenik CRO"]
[Date "2010.09.08"]
[Round "5"]
[White "Kanceljak,D"]
[Black "Djeno,S"]
[Result "1-0"]
[WhiteElo "1906"]
[BlackElo "2045"]
[EventDate "2010.09.04"]

1. e4 c5 2. Nf3 Nc6 3. d4 cxd4 4. Nxd4 Nf6 5. Nc3 d6 6. Be2 g6 7. Be3 Bg7
8. O-O O-O 9. f4 Qb6 10. Na4 Qa5 11. Nc3 Qb6 12. Na4 Qb4 13. c3 Qa5 14. b4
Qc7 15. Bf3 Bd7 16. Rc1 Rac8 17. Kh1 Qb8 18. Qb3 b5 19. Nb2 e5 20. Nxc6
Bxc6 21. fxe5 dxe5 22. Bc5 Rfe8 23. Rcd1 Qb7 24. Rfe1 Nxe4 25. Be3 Nxc3 26.
Bxc6 Rxc6 27. Rd3 e4 28. Rd2 Rc7 29. a4 Nxa4 30. Nxa4 bxa4 31. Qxa4 Rec8
32. Red1 Bc3 33. Rd8+ Rxd8 34. Rxd8+ Kg7 35. Qe8 Kf6 36. Rd6+ Kg7 37. Rd8
Kf6 38. Rd6+ Kf5 39. Qd8 Re7 40. Qa5+ Be5 41. h3 h5 42. Rd5 f6 43. Rd1 g5
44. Qa2 Kg6 45. Qg8+ Rg7 46. Qe8+ Kh6 47. Bc5 Qf7 48. Qc8 Rg8 49. Qf5 Qg6
50. Qe6 Kh7 51. Bxa7 Kh8 52. Rd7 Rg7 53. Rd8+ Rg8 54. Rd7 Bf4 55. Bd4 Rf8
56. Qe7 Kg8 57. Bxf6 e3 58. Qe6+ Qf7 59. Rxf7 Rxf7 1-0

[Event "TCh-CRO Women"]
[Site "Sibenik CRO"]
[Date "2010.09.09"]
[Round "6"]
[White "Voiska,M"]
[Black "Repkova,E"]
[Result "1/2-1/2"]
[WhiteElo "2314"]
[BlackElo "2447"]
[EventDate "2010.09.04"]

1. d4 d5 2. Nf3 Nc6 3. e3 Bg4 4. Bb5 e6 5. h3 Bh5 6. Nbd2 a6 7. Bxc6+ bxc6
8. c4 dxc4 9. Qa4 Qd5 10. Qxc4 Nf6 11. b3 Bd6 12. Bb2 Ne4 13. Qxd5 cxd5
1/2-1/2

[Event "TCh-CRO Women"]
[Site "Sibenik CRO"]
[Date "2010.09.09"]
[Round "6"]
[White "Jelica,M"]
[Black "Macek,V"]
[Result "1/2-1/2"]
[WhiteElo "2211"]
[BlackElo "2213"]
[EventDate "2010.09.04"]

1. e4 e6 2. d4 d5 3. Nd2 Nf6 4. e5 Nfd7 5. f4 c5 6. c3 Nc6 7. Ndf3 Qb6 8.
Ne2 Be7 9. g3 f5 10. exf6 Nxf6 11. Bh3 O-O 12. O-O Ne4 13. Kg2 Bd7 14. dxc5
Qxc5 15. Qd3 Rad8 16. Be3 Qa5 17. a4 Qc7 18. b4 Bf6 19. Rac1 Nd6 20. Bd4
Nc4 21. Rce1 e5 22. Bxd7 Qxd7 23. fxe5 N6xe5 24. Nxe5 Nxe5 25. Bxe5 Bxe5
26. Rxf8+ Rxf8 27. Ng1 Bf6 28. b5 Rc8 29. Ne2 Rc4 30. Ra1 Qe6 31. Kf3
1/2-1/2

[Event "TCh-CRO Women"]
[Site "Sibenik CRO"]
[Date "2010.09.09"]
[Round "6"]
[White "Detelic,M"]
[Black "Stadler,Bri"]
[Result "0-1"]
[WhiteElo "1863"]
[BlackElo "2112"]
[EventDate "2010.09.04"]

1. d4 Nf6 2. Nf3 g6 3. Bf4 Bg7 4. e3 d6 5. Bd3 O-O 6. h3 c5 7. c3 Nbd7 8.
Qc2 b6 9. Nbd2 Bb7 10. Rc1 Qe8 11. e4 cxd4 12. cxd4 Rc8 13. Qb1 Rxc1+ 14.
Qxc1 e5 15. dxe5 Nc5 16. Qc2 dxe5 17. Be3 Nxd3+ 18. Qxd3 Qa4 19. Qb3 Qxb3
20. Nxb3 Nxe4 21. O-O Rd8 22. Rc1 Rd7 23. a4 f5 24. Bd2 Nxd2 25. Nbxd2 e4
0-1

[Event "TCh-CRO Women"]
[Site "Sibenik CRO"]
[Date "2010.09.09"]
[Round "6"]
[White "Kochetkova,J"]
[Black "Srebrnic,A"]
[Result "1/2-1/2"]
[WhiteElo "2327"]
[BlackElo "2227"]
[EventDate "2010.09.04"]

1. e4 e5 2. Nf3 Nf6 3. Nxe5 d6 4. Nf3 Nxe4 5. Nc3 Nxc3 6. dxc3 Be7 7. Bf4
Nc6 8. Qd2 Be6 9. O-O-O Qd7 10. Kb1 O-O-O 11. Bb5 a6 12. Ba4 b5 13. Bb3
Bxb3 14. axb3 Qf5 15. Nd4 Nxd4 16. cxd4 Bf6 17. Bg3 Rhe8 18. f3 Re7 19.
Rhe1 Rde8 20. Rxe7 Rxe7 21. Re1 Rxe1+ 22. Bxe1 Kb7 23. Bf2 Bg5 24. Be3 Bf6
25. Bf2 Bg5 26. Be3 Bf6 27. Bf2 1/2-1/2

[Event "TCh-CRO Women"]
[Site "Sibenik CRO"]
[Date "2010.09.09"]
[Round "6"]
[White "Kruljac,N"]
[Black "Peronja,D"]
[Result "1/2-1/2"]
[WhiteElo "2121"]
[BlackElo "1741"]
[EventDate "2010.09.04"]

1. e4 e5 2. Nf3 Nc6 3. Bc4 Bc5 4. c3 Nf6 5. d3 d6 6. Nbd2 a6 7. Bb3 Ba7 8.
O-O O-O 9. Re1 Ng4 10. Re2 Kh8 11. h3 Nh6 12. Nf1 Qf6 13. Kh2 Qg6 14. Ng3
f5 15. Nh4 Qf6 16. Nhxf5 Nxf5 17. Nxf5 Bxf5 18. exf5 Qxf5 19. f3 Rae8 20.
Re4 Ne7 21. Rg4 Ng6 22. Bc2 Nf4 23. d4 Qf6 24. Bxf4 exf4 25. Qd3 g6 26. h4
Re3 27. Qc4 c6 28. d5 c5 29. Be4 Rg8 30. a4 g5 31. hxg5 Rxg5 32. Rxg5 Qxg5
33. a5 Qh4+ 34. Kg1 b5 35. axb6 Bxb6 36. Qxa6 Re1+ 37. Rxe1 Qxe1+ 38. Kh2
Qh4+ 39. Kg1 Qe1+ 1/2-1/2

[Event "TCh-CRO Women"]
[Site "Sibenik CRO"]
[Date "2010.09.09"]
[Round "6"]
[White "Marijan,Boni"]
[Black "Lisac,T"]
[Result "0-1"]
[WhiteElo "1537"]
[BlackElo "1761"]
[EventDate "2010.09.04"]

1. e4 c5 2. Nf3 Nc6 3. Nc3 Nf6 4. Bc4 d6 5. h3 g6 6. d4 cxd4 7. Nxd4 Bg7 8.
Be3 O-O 9. O-O Bd7 10. Qd2 Re8 11. f4 Rc8 12. Nde2 Na5 13. Bd3 Kh8 14. e5
dxe5 15. fxe5 Ng8 16. Bd4 Be6 17. Bb5 Nc4 18. Qf4 Rf8 19. b3 Nb6 20. Bf2
Qc7 21. Bg3 a6 22. Bd3 Nd7 23. Qd2 Nxe5 24. Kh1 Qd7 25. Rad1 Nxd3 26. Qxd3
Qc6 27. Kh2 Nh6 28. Rf3 Nf5 29. Bf4 Nh4 30. Rg3 Nf5 31. Rf3 Bf6 32. g4 Nh4
33. Rg3 g5 34. Be3 Be5 35. Bd4 Qg2+ 0-1

[Event "TCh-CRO Women"]
[Site "Sibenik CRO"]
[Date "2010.09.09"]
[Round "6"]
[White "Racki,B"]
[Black "Medic,Mir"]
[Result "1/2-1/2"]
[WhiteElo "1813"]
[BlackElo "2264"]
[EventDate "2010.09.04"]

1. e4 e6 2. d4 d5 3. exd5 exd5 4. Bd3 Nc6 5. c3 Bd6 6. Na3 a6 7. Nf3 Nge7
8. O-O Bg4 9. Nc2 Qd7 10. Ne3 Bh5 11. Re1 Bg6 12. h3 O-O 13. Nh4 Bxd3 14.
Qxd3 Bf4 15. Ng4 Bxc1 16. Raxc1 Ng6 17. Nf5 Rfe8 18. Qf3 Re6 19. Rxe6 Qxe6
20. Nge3 Nce7 21. Re1 c6 22. Qg4 Nxf5 23. Qxf5 Re8 24. Qf3 Qd6 25. g3 h6
26. Qd1 Qd7 27. Kg2 Re4 28. Nc2 Qe6 29. Re3 f5 30. Qe1 f4 31. Rxe4 dxe4 32.
Kh2 f3 33. a3 Nf8 34. Qe3 Nh7 35. Ne1 Ng5 36. h4 Nh7 37. Nxf3 Nf6 38. Ne5
Qb3 1/2-1/2

[Event "TCh-CRO Women"]
[Site "Sibenik CRO"]
[Date "2010.09.09"]
[Round "6"]
[White "Solic,K"]
[Black "Tomulic,V"]
[Result "1/2-1/2"]
[WhiteElo "2225"]
[BlackElo "1913"]
[EventDate "2010.09.04"]

1. d4 d5 2. Nf3 Nf6 3. c4 e6 4. e3 Be7 5. Bd3 dxc4 6. Bxc4 Nbd7 7. O-O c6
8. Nc3 b5 9. Bd3 a6 10. e4 Bb7 11. Bg5 c5 12. e5 Nd5 13. Bxe7 Nxc3 14. bxc3
Qxe7 15. Nd2 cxd4 16. cxd4 Qh4 17. f4 Nb6 18. Qe2 O-O 19. Be4 Bxe4 20. Nxe4
Nc4 21. Rad1 Rfd8 22. Rd3 Qe7 23. Qh5 h6 24. f5 exf5 25. Nf6+ Kf8 26. Qxf5
gxf6 27. exf6 Qe6 28. Qh7 Ke8 29. Rdd1 Kd7 30. Rde1 Rh8 31. Qg7 Rhg8 32.
Qxh6 Qd5 33. Qh3+ Kc6 34. Rf5 Qxd4+ 35. Kh1 Rae8 36. Qf3+ Kb6 37. Rd1
1/2-1/2

[Event "TCh-CRO Women"]
[Site "Sibenik CRO"]
[Date "2010.09.09"]
[Round "6"]
[White "Starcevic,A"]
[Black "Kruljac,P"]
[Result "1/2-1/2"]
[WhiteElo "1770"]
[BlackElo "2057"]
[EventDate "2010.09.04"]

1. c4 e5 2. Nc3 Nf6 3. g3 d5 4. cxd5 Nxd5 5. Bg2 Nb6 6. d3 Nc6 7. Nf3 Be7
8. O-O O-O 9. a3 Re8 10. b4 Bf8 11. Bb2 a5 12. b5 Nd4 13. e3 Nf5 14. Qc2
Nd6 15. Rac1 Bd7 16. a4 c6 17. bxc6 Bxc6 18. Rfd1 Qd7 19. Ra1 Qe6 20. Qe2
Qd7 21. Qc2 Qg4 22. h3 Qd7 23. Qb3 Qd8 24. Rac1 Nd7 25. d4 exd4 26. Rxd4
Nc5 27. Qc2 Ne6 28. Rd2 Qb6 29. Ne2 Rac8 30. Qd1 Ne4 31. Bd4 Qa6 32. Rb2
Nxd4 33. Nexd4 Ba3 34. Rbb1 Bxc1 35. Rxc1 Qb6 36. Nxc6 bxc6 37. Nd4 1/2-1/2

[Event "TCh-CRO Women"]
[Site "Sibenik CRO"]
[Date "2010.09.09"]
[Round "6"]
[White "Sargac,R"]
[Black "Samanic,Lorena"]
[Result "1-0"]
[WhiteElo "2192"]
[BlackElo "1703"]
[EventDate "2010.09.04"]

1. d4 d5 2. e3 g6 3. Bd3 Bg7 4. f4 e6 5. Nf3 Ne7 6. O-O Nbc6 7. c3 a6 8. b3
O-O 9. Nbd2 b6 10. a4 Nf5 11. Qe2 Bb7 12. Ba3 Re8 13. Rac1 Nce7 14. Ne5 f6
15. Nef3 c6 16. e4 Nh6 17. e5 f5 18. c4 Qd7 19. Rc2 Rec8 20. Rfc1 Nf7 21.
cxd5 Nxd5 22. g3 b5 23. Bc5 Bf8 24. Bxf8 Kxf8 25. Rc5 Kg7 26. Nf1 Nb4 27.
Bb1 a5 28. Ne3 Ba6 29. Qd2 Nd8 30. R5c3 Nd5 31. Nxd5 cxd5 32. axb5 Qxb5 33.
Bd3 Qb7 34. Bxa6 Qxa6 35. Rc7+ Kg8 36. Qc3 Rcb8 37. Ng5 h6 38. Nh7 Nf7 39.
Rxf7 Kxf7 40. Qc7+ Ke8 41. Nf6+ Kf8 42. Nd7+ 1-0

[Event "TCh-CRO Women"]
[Site "Sibenik CRO"]
[Date "2010.09.09"]
[Round "6"]
[White "Vasilevich,I"]
[Black "Novak,Ks"]
[Result "1-0"]
[WhiteElo "2324"]
[BlackElo "2176"]
[EventDate "2010.09.04"]

1. g3 Nf6 2. Bg2 c5 3. e4 Nc6 4. Nc3 d6 5. Nge2 e5 6. d3 Be7 7. O-O O-O 8.
f4 Rb8 9. a4 a6 10. Nd5 b5 11. axb5 axb5 12. Nec3 b4 13. Nxf6+ Bxf6 14. Nd5
Be6 15. Nxf6+ Qxf6 16. f5 Bd7 17. Qh5 g6 18. fxg6 Qxg6 19. Qh4 f6 20. Bh6
Rf7 21. Bf3 Kh8 22. Bh5 Qxh6 23. Bxf7 Qxh4 24. gxh4 Kg7 25. Bd5 Rb7 26. Ra8
1-0

[Event "TCh-CRO Women"]
[Site "Sibenik CRO"]
[Date "2010.09.09"]
[Round "6"]
[White "Mrakovcic,K"]
[Black "Grgic,N"]
[Result "1-0"]
[WhiteElo "1712"]
[BlackElo "1661"]
[EventDate "2010.09.04"]

1. c4 e5 2. g3 Nf6 3. Bg2 d5 4. cxd5 Nxd5 5. Nc3 Nb6 6. Nf3 Nc6 7. O-O Be7
8. a3 O-O 9. b4 Re8 10. d3 Bf8 11. Bb2 a5 12. b5 Nd4 13. Re1 a4 14. Nd2 Ne6
15. Rc1 Nc5 16. Nce4 Nxe4 17. Bxe4 f5 18. Bg2 Qd7 19. Rb1 Qxb5 20. Bd4 Qd7
21. Bxb6 cxb6 22. Nc4 Bc5 23. Nxb6 Bxb6 24. Rxb6 Qc7 25. Qb1 Qc3 26. Qb4
Qxb4 27. Rxb4 Ra7 28. Reb1 Re7 29. Bd5+ Kf8 30. Rc4 Be6 31. Bxe6 Rxe6 32.
Rbb4 Rc6 33. Rxc6 bxc6 34. Rb6 Ke7 35. Rxc6 Kd7 36. Rb6 g6 37. Kg2 Kd8 38.
Rb5 Rc7 39. Ra5 Rc2 40. Kf3 e4+ 41. Ke3 exd3 42. Kxd3 Rc7 43. Rxa4 Kc8 44.
Rc4 Rxc4 45. Kxc4 Kb7 46. f3 1-0

[Event "TCh-CRO Women"]
[Site "Sibenik CRO"]
[Date "2010.09.10"]
[Round "7"]
[White "Novak,Ks"]
[Black "Racki,B"]
[Result "1/2-1/2"]
[WhiteElo "2176"]
[BlackElo "1813"]
[EventDate "2010.09.04"]

1. d4 d5 2. c4 e6 3. Nc3 Nf6 4. cxd5 exd5 5. Nf3 c6 6. Qc2 Be7 7. Bf4 O-O
8. e3 Re8 9. O-O-O a5 10. Bd3 Na6 11. Ng5 h6 12. Bh7+ Kf8 13. Nf3 Nb4 14.
Qb1 Be6 15. Bf5 Qc8 16. Bxe6 Qxe6 17. a3 Na6 18. g4 Nxg4 19. Qh7 Bf6 20.
Rdf1 g5 21. Bg3 Bg7 22. h4 Nf6 23. Qc2 g4 24. Ne5 Nd7 25. Nd3 Qf5 26. Bf4
Re6 27. f3 c5 28. fxg4 Qxg4 29. Qf2 Qh5 30. Rhg1 cxd4 31. exd4 Rc8 32. Kb1
Rc4 33. Qg3 Qg6 34. Qxg6 Rxg6 35. Rxg6 fxg6 36. Bxh6+ Kg8 37. Bxg7 Kxg7 38.
Nxd5 Rxd4 39. N5f4 Rd6 40. Rg1 Kh6 41. Rg5 b6 42. Nf2 Nc7 43. Ng4+ Kh7 44.
h5 gxh5 45. Nxh5 Rg6 46. Rxg6 Kxg6 47. Ng3 1/2-1/2

[Event "TCh-CRO Women"]
[Site "Sibenik CRO"]
[Date "2010.09.10"]
[Round "7"]
[White "Tomulic,V"]
[Black "Ascic,I"]
[Result "1/2-1/2"]
[WhiteElo "1913"]
[BlackElo "2007"]
[EventDate "2010.09.04"]

1. e4 c5 2. Nf3 e6 3. c3 d5 4. exd5 exd5 5. d4 Nf6 6. Be2 Be7 7. O-O O-O 8.
Nbd2 Nc6 9. dxc5 Bxc5 10. Nb3 Bd6 11. Bg5 Re8 12. Re1 1/2-1/2

[Event "TCh-CRO Women"]
[Site "Sibenik CRO"]
[Date "2010.09.10"]
[Round "7"]
[White "Grgic,N"]
[Black "Starcevic,A"]
[Result "1/2-1/2"]
[WhiteElo "1661"]
[BlackElo "1770"]
[EventDate "2010.09.04"]

1. e4 c5 2. Nf3 e6 3. d4 cxd4 4. Nxd4 a6 5. Bd3 Qc7 6. O-O Nf6 7. c4 d6 8.
Nc3 b6 9. Qe2 Bb7 10. f4 Nbd7 11. f5 e5 12. Nc2 Nc5 13. Bg5 Be7 14. Bxf6
Bxf6 15. Ne3 Nd7 16. Ned5 Qd8 17. b3 O-O 18. Rf3 Bg5 19. Rh3 Nf6 20. Rf1
Bxd5 21. Nxd5 Nxd5 22. cxd5 b5 23. Qh5 h6 24. Rg3 Qf6 25. a4 Rfb8 26. Ra1
bxa4 27. Rxa4 Rxb3 28. Rxa6 Rxa6 29. Bxa6 Rb1+ 30. Bf1 Qd8 31. Qe2 Qb6+ 32.
Kh1 Qb4 33. Rd3 Qxe4 34. Qf3 Qxf3 35. Rxf3 Rd1 36. Kg1 Rxd5 37. Rd3 Rxd3
38. Bxd3 Kf8 39. Be4 Ke7 40. Kf2 Kf6 41. g4 Bh4+ 42. Kf3 Kg5 43. h3 Be1 44.
Bd5 Bd2 45. Kg3 Be1+ 46. Kf3 g6 47. Bxf7 gxf5 48. gxf5 Kxf5 49. Bd5 Bd2 50.
Bc6 Kf6 51. Bd5 Ke7 52. Ke4 1/2-1/2

[Event "TCh-CRO Women"]
[Site "Sibenik CRO"]
[Date "2010.09.10"]
[Round "7"]
[White "Kochetkova,J"]
[Black "Muzychuk,M"]
[Result "1/2-1/2"]
[WhiteElo "2327"]
[BlackElo "2464"]
[EventDate "2010.09.04"]

1. e4 c5 2. Nf3 Nc6 3. Nc3 Nf6 4. Bb5 Qc7 5. d3 a6 6. Bxc6 Qxc6 7. Bg5 h6
8. Bxf6 Qxf6 9. Nd5 Qd6 10. a4 e6 11. Ne3 b6 12. Nc4 Qc7 13. a5 b5 14. Nb6
Rb8 15. Nxc8 Rxc8 16. O-O Be7 17. Re1 O-O 18. c3 d6 19. h3 Bf6 20. Qe2 Rfd8
21. g3 b4 22. d4 cxd4 23. cxd4 Qc4 24. Qe3 Qb5 25. Rec1 Rxc1+ 26. Qxc1 Qe2
27. Kg2 Qxe4 28. Qc4 Qb7 29. Rc1 d5 30. Qc6 Qxc6 31. Rxc6 Ra8 32. Rb6 Bd8
33. Rxb4 Bxa5 34. Rb7 Bd8 35. h4 Bf6 36. h5 Rc8 37. Ra7 Rc4 38. Rxa6 Bxd4
39. b3 Rb4 40. Ra8+ Kh7 41. Nxd4 Rxd4 42. Ra7 f6 43. f4 Rd2+ 44. Kh3 d4 45.
Rd7 e5 46. fxe5 fxe5 47. b4 Rb2 48. Rd5 Rxb4 49. Rxe5 Kg8 50. Rf5 Rb1 51.
Rd5 Rd1 52. Rf5 d3 53. Rd5 Kf7 54. Kg2 Ke6 55. Rd8 d2 56. Rd3 Kf5 57. Rd7
Kf6 58. Rd5 Ke6 59. Rd3 Kf5 60. Rd7 Rb1 61. Rxd2 Kg4 62. Rd7 Rb2+ 63. Kg1
Kxg3 64. Rxg7+ Kh4 65. Ra7 Rb5 66. Ra4+ Kxh5 67. Kg2 Kg5 68. Ra3 h5 69. Kh3
1/2-1/2

[Event "TCh-CRO Women"]
[Site "Sibenik CRO"]
[Date "2010.09.10"]
[Round "7"]
[White "Ostojic,K"]
[Black "Kruljac,P"]
[Result "0-1"]
[WhiteElo "1729"]
[BlackElo "2057"]
[EventDate "2010.09.04"]

1. e4 e6 2. d4 d5 3. Nd2 Nf6 4. e5 Nfd7 5. f4 c5 6. c3 cxd4 7. cxd4 Nc6 8.
Ndf3 a5 9. Ne2 a4 10. Nc3 Nb6 11. Be2 Bb4 12. Bd2 Bd7 13. Nb5 Be7 14. Rc1
O-O 15. a3 Na5 16. Nc7 Ra7 17. Nb5 Bxb5 18. Bxb5 Nbc4 19. Qc2 Nb3 20. Rd1
Ncxd2 21. Nxd2 Nxd4 22. Qd3 Qb6 23. Nc4 dxc4 24. Qxd4 Qa5+ 25. Ke2 Qxb5 26.
Qxa7 Bc5 0-1

[Event "TCh-CRO Women"]
[Site "Sibenik CRO"]
[Date "2010.09.10"]
[Round "7"]
[White "Svaljek,R"]
[Black "Marijan,Boni"]
[Result "1-0"]
[WhiteElo "2007"]
[BlackElo "1537"]
[EventDate "2010.09.04"]

1. d4 d5 2. Nf3 Nf6 3. c3 e6 4. Bg5 c5 5. e3 Nbd7 6. Nbd2 a6 7. Bd3 b5 8.
e4 dxe4 9. Nxe4 c4 10. Bc2 Be7 11. Bf4 Qb6 12. O-O Bb7 13. Qe2 Nd5 14. Bg3
h6 15. Ne5 N7f6 16. Rfe1 Rc8 17. Ng4 Nh5 18. Ne5 g6 19. Qg4 Rg8 20. Qh3
Ndf6 21. Nxf6+ Bxf6 22. Ng4 Bg5 23. Be5 Qc6 24. Be4 Qd7 25. Bxb7 Qxb7 26.
Ne3 Nf4 27. Bxf4 Bxf4 28. Ng4 Rh8 29. d5 Qb6 30. dxe6 fxe6 31. Re4 Bg5 32.
Rae1 Rc6 33. Ne5 Bd2 34. R1e2 Rd6 35. Nxg6 Rh7 36. Rxe6+ Kd8 37. Re8+ 1-0

[Event "TCh-CRO Women"]
[Site "Sibenik CRO"]
[Date "2010.09.10"]
[Round "7"]
[White "Jelica,M"]
[Black "Kruljac,N"]
[Result "1-0"]
[WhiteElo "2211"]
[BlackElo "2121"]
[EventDate "2010.09.04"]

1. e4 e5 2. Nf3 Nc6 3. d4 exd4 4. Nxd4 Bc5 5. Nb3 Bb6 6. Nc3 d6 7. a4 a6 8.
Nd5 Ba7 9. Qf3 Be6 10. Qg3 Bxd5 11. exd5 Nb4 12. Qc3 Qh4 13. Be3 Nxc2+ 14.
Qxc2 Bxe3 15. Bd3 Ne7 16. O-O Bg5 17. Qxc7 O-O 18. Qa5 Rac8 19. Rae1 Bf6
20. Re3 h6 21. Be4 Bxb2 22. Qb4 Qf6 23. Qxb7 Rb8 24. Qxa6 Ra8 25. Qb5 Rfb8
26. Qd7 Rd8 27. Qg4 Ng6 28. Bxg6 Qxg6 29. Qxg6 fxg6 30. a5 Bf6 31. Rd1 Rdb8
32. g3 Rb5 33. Rdd3 Kf7 34. Re6 Ra6 35. Nd2 Rbxa5 36. Nc4 Ra1+ 37. Kg2 Be5
38. Nxe5+ dxe5 39. Rxe5 Rd6 40. Rf3+ Kg8 41. Re8+ Kh7 42. Rf7 g5 43. Ree7
Kg6 44. Rxg7+ Kf5 45. Rgf7+ Kg6 46. Rd7 Rxd5 47. Rxd5 Kxf7 48. Rd6 Kg7 49.
h3 Ra3 50. Re6 Rb3 51. Re3 Rb2 52. Kf3 Kf6 53. Re2 Rb4 54. Rd2 h5 55. Rd6+
Kf5 56. Ke3 Ra4 57. Rh6 h4 58. gxh4 gxh4 59. Rh5+ Kg6 60. Rd5 Kf6 61. Kf3
Ra3+ 62. Kg4 Ra4+ 63. f4 Kg6 64. Rd6+ Kg7 65. Kg5 Rb4 66. Rg6+ Kf7 67. Rh6
Kg7 68. Rxh4 Ra4 69. Rg4 1-0

[Event "TCh-CRO Women"]
[Site "Sibenik CRO"]
[Date "2010.09.10"]
[Round "7"]
[White "Macek,V"]
[Black "Samanic,Verena"]
[Result "1-0"]
[WhiteElo "2213"]
[BlackElo "1576"]
[EventDate "2010.09.04"]

1. d4 d5 2. c4 e6 3. Nc3 b6 4. Bf4 Bb7 5. e3 Nf6 6. Nf3 Be7 7. h3 Nbd7 8.
Be2 dxc4 9. Bxc4 O-O 10. O-O c5 11. Rc1 Rc8 12. Bb3 Ne4 13. Qe2 Ndf6 14.
Rfd1 Qe8 15. Bc4 Nxc3 16. bxc3 Qc6 17. Bb5 Qe4 18. Be5 Qg6 19. Ba6 Bxa6 20.
Qxa6 Ne4 21. Qxa7 Bf6 22. Bxf6 Qxf6 23. Qa3 Ra8 24. Qb2 Ra6 25. Rc2 Rfa8
26. Ra1 Ng5 27. Nxg5 Qxg5 28. Qb5 h6 29. a4 Ra5 30. Qxb6 Rxa4 31. Rxa4 Rxa4
32. Qxc5 Qxc5 33. dxc5 Rc4 34. Kf1 Kf8 35. Ke2 Ke7 36. Kd3 Rxc5 37. c4 g6
38. Ra2 Rc7 39. Kc3 Kd6 40. Ra6+ Kc5 41. Ra5+ Kc6 42. e4 Rd7 43. f4 Kb6 44.
Ra8 Kb7 45. Ra2 Kc6 46. e5 h5 47. Ra6+ Kb7 48. Rd6 Rxd6 49. exd6 Kc6 50. c5
f6 51. Kc4 g5 52. fxg5 fxg5 53. Kd4 g4 54. h4 1-0

[Event "TCh-CRO Women"]
[Site "Sibenik CRO"]
[Date "2010.09.10"]
[Round "7"]
[White "Berke,A"]
[Black "Purgar,I"]
[Result "1-0"]
[WhiteElo "2168"]
[BlackElo "2091"]
[EventDate "2010.09.04"]

1. e4 c5 2. c3 d5 3. exd5 Qxd5 4. d4 Nf6 5. Nf3 Nc6 6. Be2 Bg4 7. O-O e6 8.
h3 Bh5 9. Be3 cxd4 10. Nxd4 Bxe2 11. Qxe2 Nxd4 12. Bxd4 Be7 13. Rd1 Qg5 14.
Nd2 O-O 15. Nf3 Qh5 16. c4 Rfd8 17. Rac1 Rd7 18. a3 b6 19. b4 Rc8 20. Rd2
Ne8 21. Rdc2 Rdc7 22. Be5 Bd6 23. Bxd6 Nxd6 24. Rd1 Ne8 25. Rd4 h6 26. Rcd2
Nf6 27. Qd3 Qf5 28. Rd8+ Kh7 29. Qxf5+ exf5 30. Ne5 Rxd8 31. Rxd8 Ne4 32.
f3 Nc3 33. b5 f6 34. Nc6 Na4 35. Ra8 Nb2 36. c5 bxc5 37. Rxa7 Rc8 38. Ne7
Rb8 39. a4 f4 40. Nf5 Kh8 41. Nxg7 Nxa4 42. Nh5 Nc3 43. Nxf6 1-0

[Event "TCh-CRO Women"]
[Site "Sibenik CRO"]
[Date "2010.09.10"]
[Round "7"]
[White "Stadler,Bri"]
[Black "Kanceljak,D"]
[Result "1-0"]
[WhiteElo "2112"]
[BlackElo "1906"]
[EventDate "2010.09.04"]

1. e4 c5 2. Nc3 e6 3. g3 Nc6 4. Bg2 d6 5. d3 g6 6. Be3 Bg7 7. Qd2 Nd4 8.
Nd1 Nc6 9. h3 Rb8 10. Ne2 Nge7 11. Bh6 O-O 12. Bxg7 Kxg7 13. d4 Qa5 14.
Qxa5 Nxa5 15. Ne3 b6 16. dxc5 bxc5 17. O-O-O Rb6 18. Nc3 Bd7 19. Rd2 Rfb8
20. b3 a6 21. Rhd1 Nc8 22. Bf1 Bb5 23. Bxb5 axb5 24. a4 bxa4 25. Nxa4 Rb4
26. e5 c4 27. exd6 Nxd6 28. Rxd6 cxb3 29. Nc3 b2+ 30. Kb1 Ra8 31. Na2 Rb5
32. Rd8 Ra7 33. R8d7 Ra8 34. Rc7 Kf6 35. f4 h5 36. Rdd7 Rf8 37. Nc3 Rbb8
38. Ne4+ 1-0

[Event "TCh-CRO Women"]
[Site "Sibenik CRO"]
[Date "2010.09.11"]
[Round "8"]
[White "Kruljac,N"]
[Black "Berke,A"]
[Result "1-0"]
[WhiteElo "2121"]
[BlackElo "2168"]
[EventDate "2010.09.04"]

1. e4 c5 2. Nc3 Nc6 3. f4 g6 4. Nf3 Bg7 5. g3 d6 6. Bg2 e6 7. O-O Nge7 8.
Ne2 O-O 9. c3 f5 10. d3 h6 11. Be3 Kh7 12. Qc2 Rb8 13. exf5 exf5 14. d4 b6
15. dxc5 bxc5 16. Rad1 Qa5 17. Rxd6 Qxa2 18. Rd2 Qc4 19. Ra1 Be6 20. Nc1
Bg8 21. Nd3 Rb5 22. Ra4 Qe6 23. Re2 c4 24. Nde5 Nxe5 25. Nd4 Qd7 26. Nxb5
Nd3 27. Rxa7 Qxb5 28. Rxe7 Kh8 29. Rb7 Qa6 30. Ra7 Qd6 31. Qa4 Nc5 32. Qc6
Qd1+ 33. Bf1 Ne6 34. Re7 Rf6 35. Qe8 Kh7 36. Bf2 Qd6 37. Qd7 Qxd7 38. Rxd7
g5 39. fxg5 hxg5 40. Red2 g4 41. Bxc4 Ng5 42. Bxg8+ Kxg8 43. Rd8+ Kh7 44.
R2d7 Nf3+ 45. Kg2 Rh6 46. Bg1 Re6 47. Rb7 Kh6 48. Rb6 Ne1+ 49. Kf1 1-0

[Event "TCh-CRO Women"]
[Site "Sibenik CRO"]
[Date "2010.09.11"]
[Round "8"]
[White "Kanceljak,D"]
[Black "Lisac,T"]
[Result "1-0"]
[WhiteElo "1906"]
[BlackElo "1761"]
[EventDate "2010.09.04"]

1. e4 c5 2. Nf3 Nc6 3. d4 cxd4 4. Nxd4 Nf6 5. Nc3 e5 6. Ndb5 d6 7. Bg5 a6
8. Bxf6 gxf6 9. Na3 b5 10. Nd5 f5 11. Bd3 Be6 12. Qh5 Bg7 13. O-O Bxd5 14.
exd5 e4 15. dxc6 Bxb2 16. Rae1 Kf8 17. Be2 Bxa3 18. Qxf5 d5 19. Bh5 Ra7 20.
Rd1 d4 21. Qxe4 Bb2 22. Rfe1 Kg7 23. Qg4+ Kf8 24. Qf4 Kg7 25. Rd3 Kf8 26.
Qh6+ 1-0

[Event "TCh-CRO Women"]
[Site "Sibenik CRO"]
[Date "2010.09.11"]
[Round "8"]
[White "Muzychuk,M"]
[Black "Cacic,M"]
[Result "1-0"]
[WhiteElo "2464"]
[BlackElo "1634"]
[EventDate "2010.09.04"]

1. d4 Nf6 2. c4 g6 3. Nc3 Bg7 4. e4 d6 5. f3 O-O 6. Be3 e5 7. d5 c6 8. Qd2
Re8 9. Bd3 cxd5 10. cxd5 Nbd7 11. Nge2 Nc5 12. Bc4 a6 13. b4 Ncd7 14. a4 b6
15. g4 Qe7 16. Ng3 Rd8 17. h4 Ne8 18. h5 f6 19. hxg6 hxg6 20. Kf2 g5 21.
Rh5 Bb7 22. Nf5 Qf8 23. Rah1 Kf7 24. Rh7 Rdc8 25. Bd3 Rab8 26. Kg3 Rd8 27.
Qh2 Rdc8 28. Qh5+ 1-0

[Event "TCh-CRO Women"]
[Site "Sibenik CRO"]
[Date "2010.09.11"]
[Round "8"]
[White "Repkova,E"]
[Black "Medic,Mir"]
[Result "1/2-1/2"]
[WhiteElo "2447"]
[BlackElo "2264"]
[EventDate "2010.09.04"]

1. e4 e6 2. b3 d5 3. Bb2 dxe4 4. Nc3 Nf6 5. Qe2 Nc6 6. O-O-O Be7 7. Nxe4
O-O 8. Nf3 a5 9. a4 b6 10. Nxf6+ Bxf6 11. Qe4 Bxb2+ 12. Kxb2 Bb7 13. d4 Rb8
14. Bd3 g6 15. Qf4 Nb4 16. Bc4 Bxf3 17. Qxf3 c6 18. c3 Nd5 19. h4 b5 20.
axb5 cxb5 21. Bxd5 exd5 22. h5 b4 23. Qh3 bxc3+ 24. Kxc3 Re8 25. hxg6 Qc7+
26. Kb2 Re2+ 27. Ka1 fxg6 28. Rc1 Qe7 29. Rc8+ Rxc8 30. Qxc8+ Kg7 31. Qc5
Qxc5 32. dxc5 Rc2 33. Re1 Kf7 34. Re5 Rxc5 35. Kb2 h5 36. g3 1/2-1/2